| 000 | 00867nam a2200253 a 4500 | ||
|---|---|---|---|
| 001 | 1101 | ||
| 003 | BR-CuiBMT | ||
| 005 | 20231128192154.0 | ||
| 008 | 231128s2010 mtba 000 0 por d | ||
| 020 | _a9788579110184 | ||
| 040 |
_aBR-CuiBMT _cBR-CuiBMT |
||
| 080 |
_22007 _a614.2:657.478 |
||
| 090 |
_a614.2:657.478 _bS729a |
||
| 100 | 1 | _aSouza, Paulo César | |
| 245 | 1 | 0 |
_aAvaliação econômica em saúde aplicada a hospitais : _bteoria e prática / _cPaulo César Souza. |
| 260 |
_aCáceres : _bUNEMAT, _cc2010. |
||
| 300 |
_a169 p. : _bil. ; _c22 cm |
||
| 490 | 1 | _aSérie Inovação e melhoria da gestão pública | |
| 504 | _aInclui bibliografia. | ||
| 650 |
_aGestão hospitalar _vAvaliação econômica _zBarra do Bugres, MT |
||
| 650 |
_aSaúde pública _xAvaliação econômica |
||
| 830 | 0 | _aInovação e melhoria da gestão pública | |
| 942 |
_2udc _cLV |
||
| 999 |
_c1101 _d1101 |
||